[Event "ChessOrg Schachfestival 2024 Bad Wörishofen"]
[White "Stern, Geoffrey"]
[Black "Kirby, Peter"]
[Site "Bad Woerishofen"]
[Round "7.14"]
[Annotator "wempe"]
[Result "1/2-1/2"]
[Date "2024.??.??"]
[WhiteElo "1950"]
[BlackElo "1980"]
[PlyCount "21"]
[GameId "2109370592252253"]
[EventDate "2024.03.14"]

1. d4 Nf6 2. Nc3 d5 3. Bf4 c5 4. e3 cxd4 5. exd4 a6 6. Nf3 Nc6 7. Ne5 e6 8. Nxc6 bxc6 9. Bd3 Bd6 10. Qd2 O-O 11. O-O 1/2-1/2

[Event "ChessOrg Schachfestival 2024 Bad Wörishofen"]
[White "Leser, Alfred"]
[Black "Kutschenko, Roland"]
[Site "Bad Woerishofen"]
[Round "7.15"]
[Annotator "wempe"]
[Result "0-1"]
[Date "2024.??.??"]
[WhiteElo "1825"]
[BlackElo "2024"]
[PlyCount "54"]
[GameId "2109370836726118"]
[EventDate "2024.03.14"]

1. d4 Nf6 2. Nc3 d5 3. Bf4 a6 4. e3 e6 5. Bd3 c5 6. dxc5 Bxc5 7. Nf3 Nc6 8. a3 h6 9. Ne5 Bd6 10. Nxc6 bxc6 11. Bxd6 Qxd6 12. Na4 O-O 13. O-O c5 14. f3 Qc6 15. c3 Bb7 16. b4 Nd7 17. Re1 f5 18. Rb1 c4 19. Bc2 Rad8 20. Re2 Ba8 21. e4 dxe4 22. fxe4 Nb6 23. Qe1 Nxa4 24. Bxa4 Qxa4 25. exf5 Rxf5 26. Rxe6 Rdf8 27. Qe2 Rf2 0-1

[Event "ChessOrg Schachfestival 2024 Bad Wörishofen"]
[White "Weinwurm, Wolfgang"]
[Black "McAndrew, Robert"]
[Site "Bad Woerishofen"]
[Round "7.16"]
[Annotator "wempe"]
[Result "1-0"]
[Date "2024.??.??"]
[WhiteElo "2016"]
[BlackElo "1935"]
[PlyCount "73"]
[GameId "2109371398283631"]
[EventDate "2024.03.14"]

1. e4 c5 2. Nf3 g6 3. d4 cxd4 4. Nxd4 Nf6 5. Nc3 d6 6. f3 Bg7 7. Be3 O-O 8. Qd2 Nc6 9. O-O-O d5 10. Kb1 e5 11. Nxc6 bxc6 12. exd5 cxd5 13. Nxd5 Be6 14. Nxf6+ Bxf6 15. Qxd8 Rfxd8 16. Rxd8+ Bxd8 17. Be2 f5 18. Rd1 Be7 19. Bb5 a5 20. a4 Kg7 21. Bb6 g5 22. c3 h5 23. Kc2 g4 24. b3 h4 25. fxg4 fxg4 26. Bd7 Bf7 27. c4 Bg6+ 28. Kb2 g3 29. hxg3 hxg3 30. c5 Be4 31. Rd2 Bg5 32. Re2 Bd3 33. Re1 e4 34. c6 Bd2 35. Rd1 Bb4 36. Rxd3 exd3 37. c7 1-0

[Event "ChessOrg Schachfestival 2024 Bad Wörishofen"]
[White "Daeubler, Heinrich"]
[Black "Hafner, Robert"]
[Site "Bad Woerishofen"]
[Round "7.17"]
[Annotator "wempe"]
[Result "1-0"]
[Date "2024.??.??"]
[WhiteElo "2140"]
[BlackElo "1953"]
[PlyCount "56"]
[GameId "2109372217659768"]
[EventDate "2024.03.14"]

1. d4 d5 2. c4 c6 3. Nf3 Nf6 4. g3 Bf5 5. Nc3 e6 6. Bg2 Be7 7. Nh4 Bg4 8. h3 Bh5 9. g4 Nfd7 10. Nf3 Bg6 11. Qb3 Qb6 12. c5 Qxb3 13. axb3 O-O 14. Bf4 Nf6 15. Ne5 Nbd7 16. Nxg6 hxg6 17. b4 a6 18. O-O Rfe8 19. f3 Bf8 20. Bg3 e5 21. e3 exd4 22. exd4 Be7 23. Rfe1 Rac8 24. Na4 Bf8 25. g5 Nh7 26. h4 f5 27. Nc3 Kf7 28. f4 Rxe1+ 1-0

[Event "ChessOrg Schachfestival 2024 Bad Wörishofen"]
[White "Loibl, Johann"]
[Black "Walther, Reinhard"]
[Site "Bad Woerishofen"]
[Round "7.18"]
[Annotator "wempe"]
[Result "1-0"]
[Date "2024.??.??"]
[WhiteElo "1843"]
[BlackElo "1999"]
[PlyCount "73"]
[GameId "2109373083271553"]
[EventDate "2024.03.14"]

1. e4 g6 2. d4 Bg7 3. f4 c5 4. c3 cxd4 5. cxd4 Qb6 6. Nf3 d6 7. Nc3 Bg4 8. Nd5 Qd8 9. Bb5+ Nd7 10. e5 e6 11. Nc3 a6 12. Be2 dxe5 13. dxe5 Ne7 14. h3 Bxf3 15. Bxf3 Nc5 16. O-O Qc7 17. Be3 Nf5 18. Bf2 Rd8 19. Qe2 Nd4 20. Bxd4 Rxd4 21. Rad1 Rxd1 22. Rxd1 O-O 23. Qd2 Qb6 24. Qd6 Qa7 25. Kh2 Rc8 26. b4 Nd7 27. Ne4 Nf8 28. Qe7 Qe3 29. Qh4 Rc2 30. Rd8 h6 31. Qg3 Rc1 32. Qg4 h5 33. Qg5 Qg1+ 34. Kg3 Qe1+ 35. Kh2 h4 36. Rxf8+ Kxf8 37. Qd8# 1-0

[Event "ChessOrg Schachfestival 2024 Bad Wörishofen"]
[White "Halli, Gerhard"]
[Black "Bhend, Edwin"]
[Site "Bad Woerishofen"]
[Round "7.20"]
[Annotator "wempe"]
[Result "1/2-1/2"]
[Date "2024.??.??"]
[WhiteElo "1928"]
[BlackElo "2113"]
[PlyCount "26"]
[GameId "2109375041438139"]
[EventDate "2024.03.14"]

1. d4 d5 2. Nf3 e6 3. Bf4 Bd6 4. e3 Nf6 5. Bd3 Nbd7 6. Nbd2 O-O 7. O-O b6 8. Qe2 Bb7 9. a4 a5 10. c3 Qe7 11. Ne5 Ne4 12. Nxd7 Qxd7 13. f3 Nxd2 1/2-1/2

[Event "ChessOrg Schachfestival 2024 Bad Wörishofen"]
[White "Rubke, Manfred"]
[Black "Harsch, Martin"]
[Site "Bad Woerishofen"]
[Round "7.21"]
[Annotator "wempe"]
[Result "1-0"]
[Date "2024.??.??"]
[WhiteElo "2109"]
[BlackElo "1942"]
[PlyCount "45"]
[GameId "2112971281699282"]
[EventDate "2024.03.14"]

1. c4 Nf6 2. g3 c6 3. Nf3 d5 4. cxd5 cxd5 5. Bg2 g6 6. d4 Bg7 7. Nc3 O-O 8. O-O a6 9. Bf4 Nh5 10. Be3 Nc6 11. Qd2 e6 12. Rac1 Bd7 13. Bh6 Rc8 14. Bxg7 Kxg7 15. Ne5 Nf6 16. h3 Na7 17. g4 Bc6 18. g5 Nd7 19. Ng4 Qe7 20. e4 dxe4 21. Nxe4 Rfd8 22. d5 Bxd5 23. Qd4+ 1-0

[Event "ChessOrg Schachfestival 2024 Bad Wörishofen"]
[White "Gass, Ulrich"]
[Black "Rauch, Uwe"]
[Site "Bad Woerishofen"]
[Round "7.22"]
[Annotator "wempe"]
[Result "1-0"]
[Date "2024.??.??"]
[WhiteElo "1941"]
[BlackElo "2083"]
[PlyCount "53"]
[GameId "2112971317035506"]
[EventDate "2024.03.14"]

1. e4 c5 2. Nf3 d6 3. d4 cxd4 4. Qxd4 Nc6 5. Bb5 e5 6. Qd3 Nf6 7. Nc3 Be6 8. Bg5 a6 9. Ba4 Be7 10. O-O-O b5 11. Bb3 Nb4 12. Qd2 Rc8 13. Bxf6 gxf6 14. a3 Nc6 15. Nd5 Na5 16. Kb1 Bf8 17. Nxf6+ Qxf6 18. Qxa5 Rg8 19. Bxe6 Qxe6 20. g3 Qc4 21. Qxa6 Rc6 22. Qa8+ Ke7 23. Rhe1 Rg4 24. Nxe5 dxe5 25. Qd8+ Ke6 26. Qd7+ Kf6 27. Qf5+ 1-0

[Event "ChessOrg Schachfestival 2024 Bad Wörishofen"]
[White "Walther, Renate"]
[Black "Marshall, Michael"]
[Site "Bad Woerishofen"]
[Round "7.23"]
[Annotator "wempe"]
[Result "0-1"]
[Date "2024.??.??"]
[WhiteElo "1561"]
[BlackElo "1874"]
[PlyCount "38"]
[GameId "2112971784212989"]
[EventDate "2024.03.14"]

1. e4 c5 2. Nf3 e6 3. d4 cxd4 4. Nxd4 Nc6 5. Nxc6 bxc6 6. Nc3 Qc7 7. Be3 Nf6 8. Bd2 d5 9. exd5 exd5 10. f3 Bd6 11. g3 O-O 12. Bd3 Re8+ 13. Ne2 Bh3 14. Be3 Rxe3 15. Qd2 Rae8 16. O-O-O Bg2 17. Rhg1 Bxf3 18. Rde1 Qe7 19. Nd4 Rxe1+ 0-1

[Event "ChessOrg Schachfestival 2024 Bad Wörishofen"]
[White "Steinhart, Matthias"]
[Black "Klimpel, Siegfried"]
[Site "Bad Woerishofen"]
[Round "7.24"]
[Annotator "wempe"]
[Result "0-1"]
[Date "2024.??.??"]
[WhiteElo "1768"]
[BlackElo "1848"]
[PlyCount "80"]
[GameId "2112972369306120"]
[EventDate "2024.03.14"]

1. e4 d5 2. exd5 Nf6 3. Bb5+ c6 4. dxc6 Nxc6 5. Bxc6+ bxc6 6. Nf3 Qc7 7. O-O e6 8. d4 Bd6 9. Nc3 O-O 10. Re1 Rb8 11. Ne4 Nxe4 12. Rxe4 Rd8 13. c3 c5 14. b3 Bb7 15. Re1 cxd4 16. cxd4 Bxf3 17. Qxf3 Bxh2+ 18. Kh1 Bd6 19. Bg5 Re8 20. Re4 Rb5 21. Bf4 Bxf4 22. Rxf4 Rd5 23. Rh4 Qd8 24. Qg4 Qf6 25. Qh3 h6 26. Qg3 Rxd4 27. Rxd4 Qxd4 28. Rc1 e5 29. Qf3 e4 30. Qf4 Re5 31. Qe3 Rh5+ 32. Kg1 Qe5 33. g3 Rh3 34. Rc5 Qa1+ 35. Rc1 Qe5 36. Rc5 Qe6 37. Rc7 Rh5 38. Rc4 f5 39. Qc5 Qf6 40. Qxa7 Qa1+ 0-1

[Event "ChessOrg Schachfestival 2024 Bad Wörishofen"]
[White "Bachmann, Rolf"]
[Black "Ernst, Michael"]
[Site "Bad Woerishofen"]
[Round "7.25"]
[Annotator "wempe"]
[Result "1/2-1/2"]
[Date "2024.??.??"]
[WhiteElo "1917"]
[BlackElo "2100"]
[PlyCount "111"]
[GameId "2112973132296807"]
[EventDate "2024.03.14"]

1. d4 d5 2. Nf3 Nf6 3. Bf4 c5 4. e3 Nc6 5. dxc5 e6 6. c4 Bxc5 7. Nc3 d4 8. exd4 Nxd4 9. Be2 O-O 10. Nxd4 Qxd4 11. Qxd4 Bxd4 12. Nb5 Bxb2 13. Rb1 e5 14. Be3 a6 15. Rxb2 axb5 16. cxb5 Be6 17. O-O Rxa2 18. Rxa2 Bxa2 19. Ra1 Bd5 20. f3 h6 21. Kf2 Rc8 22. Rc1 Rxc1 23. Bxc1 Nd7 24. Ba3 f6 25. Bd3 Kf7 26. h4 h5 27. g3 Nf8 28. Ke3 Ne6 29. f4 exf4+ 30. gxf4 g6 31. f5 gxf5 32. Bxf5 Ng7 33. Bd3 Ke6 34. Kf4 Kf7 35. Be2 Ne6+ 36. Ke3 Kg6 37. Bd6 Ng7 38. Bd3+ Kf7 39. Bb4 Ke6 40. Kf4 Kf7 41. Ke3 Ke6 42. Kf4 Kf7 43. Ke3 Ne6 44. Bd6 Ng7 45. Kd4 Bg2 46. Bc4+ Ke8 47. Bd3 Kd7 48. Bb4 Ke6 49. Bc4+ Kf5 50. Bf8 Ne6+ 51. Bxe6+ Kxe6 52. Bc5 Kf5 53. Ke3 Kg4 54. Kf2 Bd5 55. Be7 f5 56. b6 1/2-1/2

[Event "ChessOrg Schachfestival 2024 Bad Wörishofen"]
[White "Bruchmann, Norbert"]
[Black "Wuest, Klaus"]
[Site "Bad Woerishofen"]
[Round "7.26"]
[Annotator "wempe"]
[Result "0-1"]
[Date "2024.??.??"]
[WhiteElo "2057"]
[BlackElo "1937"]
[PlyCount "120"]
[GameId "2112973801083764"]
[EventDate "2024.03.14"]

1. e4 c6 2. Nc3 d5 3. Nf3 dxe4 4. Nxe4 Nf6 5. Qe2 Nxe4 6. Qxe4 Nd7 7. d4 Nf6 8. Qh4 Bf5 9. c3 Qd5 10. Be2 e6 11. O-O Qe4 12. Re1 Qxh4 13. Nxh4 Bg6 14. Nxg6 hxg6 15. a3 Bd6 16. g3 O-O 17. f4 Rfd8 18. Be3 a5 19. c4 Bc7 20. Bf3 Bb6 21. Red1 Rd7 22. Rd2 Rad8 23. Rad1 Kf8 24. Kf2 Ke8 25. Ke2 Ke7 26. Rd3 Ke8 27. R1d2 Kf8 28. Bg1 Ke8 29. Bf2 Kf8 30. Kd1 a4 31. Kc2 Ba5 32. Rd1 b5 33. Bxc6 bxc4 34. Re3 Nd5 35. Rf3 Rc7 36. Bxa4 Rb8 37. Kc1 Rcb7 38. b4 cxb3 39. Kb2 Rc7 40. Rxb3 Rbc8 41. Rb5 Nc3 42. Rxa5 Rb8+ 43. Kc2 Nxa4+ 44. Kd2 Nb2 45. Rc5 Rxc5 46. dxc5 Nxd1 47. Kxd1 Rb2 48. c6 Ke8 49. Bd4 Rb3 50. Bxg7 Rxa3 51. Be5 Ra6 52. c7 Kd7 53. Ke1 Ra2 54. Kf1 Rxh2 55. Kg1 Rc2 56. Kf1 f6 57. Bxf6 Kxc7 58. g4 Kd6 59. Ke1 Rg2 60. g5 Kd5 0-1

[Event "ChessOrg Schachfestival 2024 Bad Wörishofen"]
[White "Lechner, Otto"]
[Black "Neese, Hans-Joachim"]
[Site "Bad Woerishofen"]
[Round "7.27"]
[Annotator "wempe"]
[Result "1/2-1/2"]
[Date "2024.??.??"]
[WhiteElo "1913"]
[BlackElo "2042"]
[PlyCount "40"]
[GameId "2112974515733646"]
[EventDate "2024.03.14"]

1. d4 d5 2. Nf3 Nf6 3. e3 Bg4 4. h3 Bh5 5. Be2 Nbd7 6. Nbd2 e6 7. a3 c5 8. b3 cxd4 9. exd4 Bd6 10. Bb2 O-O 11. Ne5 Bxe2 12. Qxe2 Qc7 13. Rc1 Rac8 14. O-O Qa5 15. c4 Bb8 16. f4 Qd8 17. c5 Ne8 18. b4 a6 19. Nb3 Bxe5 20. dxe5 Nb8 1/2-1/2

[Event "ChessOrg Schachfestival 2024 Bad Wörishofen"]
[White "Remensberger, Paul"]
[Black "Kastner, Reinhard"]
[Site "Bad Woerishofen"]
[Round "7.28"]
[Annotator "wempe"]
[Result "1-0"]
[Date "2024.??.??"]
[WhiteElo "2019"]
[BlackElo "1934"]
[PlyCount "81"]
[GameId "2112974926435719"]
[EventDate "2024.03.14"]

1. d4 d5 2. Nf3 c6 3. c4 e6 4. e3 f5 5. Be2 Nf6 6. O-O Bd6 7. b3 O-O 8. Ba3 Ne4 9. Bxd6 Qxd6 10. Ne5 Nd7 11. Nxd7 Bxd7 12. Nd2 Nxd2 13. Qxd2 Rf6 14. f4 Rh6 15. Bd3 g5 16. g3 g4 17. c5 Qc7 18. b4 a6 19. a4 Rf6 20. Qe2 Rff8 21. b5 axb5 22. axb5 Rfb8 23. b6 Qd8 24. Rfb1 Rxa1 25. Rxa1 Ra8 26. Qb2 Rb8 27. Ra7 Kg7 28. Qa1 h5 29. Qe1 Kg6 30. Bf1 Qh8 31. h3 Kf6 32. Qf2 Kg7 33. Qe1 Kf6 34. Ra2 Qg7 35. h4 Rf8 36. Ra7 Bc8 37. Ra8 Qd7 38. Qa5 Rd8 39. Qa7 Qe8 40. Qb8 Kg6 41. Ba6 1-0

[Event "ChessOrg Schachfestival 2024 Bad Wörishofen"]
[White "Hansch, Klaus -Michael"]
[Black "Kretschel, Klaus"]
[Site "Bad Woerishofen"]
[Round "7.29"]
[Annotator "wempe"]
[Result "0-1"]
[Date "2024.??.??"]
[WhiteElo "1900"]
[BlackElo "2004"]
[PlyCount "72"]
[GameId "2112975341094294"]
[EventDate "2024.03.14"]

1. e4 e5 2. d4 exd4 3. c3 dxc3 4. Nxc3 Be7 5. Nf3 c6 6. Bc4 d5 7. exd5 Nf6 8. O-O O-O 9. h3 b5 10. Bb3 b4 11. Ne2 Nxd5 12. Ng3 Qb6 13. Bg5 Nf6 14. Re1 Bd8 15. Rc1 Nbd7 16. Be3 c5 17. Bd5 Nxd5 18. Qxd5 Rb8 19. Bxc5 Nxc5 20. Qxc5 Be6 21. Qxb6 Bxb6 22. b3 h6 23. Ne5 Rbd8 24. Red1 Rxd1+ 25. Rxd1 Rc8 26. Rd2 Rc1+ 27. Kh2 a5 28. Nd3 Rc6 29. Nf4 Bc8 30. Nd5 Bc5 31. Ne4 Bf8 32. Ne3 f5 33. Nc4 fxe4 34. Nxa5 Rc3 35. Nc4 Rd3 36. Re2 Rd4 0-1

[Event "ChessOrg Schachfestival 2024 Bad Wörishofen"]
[White "Mueller, Erich"]
[Black "Ebner, Hermann"]
[Site "Bad Woerishofen"]
[Round "7.30"]
[Annotator "wempe"]
[Result "1-0"]
[Date "2024.??.??"]
[WhiteElo "2004"]
[BlackElo "1903"]
[PlyCount "67"]
[GameId "2112976609064358"]
[EventDate "2024.03.14"]

1. f4 d5 2. Nf3 c5 3. e3 a6 4. b3 Nc6 5. Bb2 Bg4 6. Be2 Nf6 7. O-O e6 8. d3 Be7 9. Nbd2 Qc7 10. Ne5 Bxe2 11. Qxe2 h5 12. e4 d4 13. Nxc6 Qxc6 14. Nc4 Qc7 15. a4 O-O-O 16. a5 Kb8 17. Rae1 g5 18. Bc1 g4 19. Bd2 Nd7 20. e5 Rdg8 21. Qe4 Bh4 22. Re2 Nf8 23. f5 Bg5 24. Bxg5 Rxg5 25. fxe6 Nxe6 26. Ref2 Rg7 27. Rf6 Ng5 28. Qd5 Rd8 29. Rd6 Rxd6 30. exd6 Qc6 31. Qe5 Ne6 32. Rf6 Rg5 33. Rf5 Rxf5 34. Qxf5 1-0

[Event "ChessOrg Schachfestival 2024 Bad Wörishofen"]
[White "Lange, Manfred"]
[Black "Bauer, Wolfgang"]
[Site "Bad Woerishofen"]
[Round "7.31"]
[Annotator "wempe"]
[Result "1-0"]
[Date "2024.??.??"]
[WhiteElo "2036"]
[BlackElo "1936"]
[PlyCount "59"]
[GameId "2112977453909426"]
[EventDate "2024.03.14"]

1. d4 d5 2. c4 e6 3. Nf3 Nf6 4. g3 dxc4 5. Bg2 a6 6. Ne5 Be7 7. O-O O-O 8. Nxc4 Nbd7 9. Nc3 Nb6 10. Nxb6 cxb6 11. e4 Nd7 12. Be3 b5 13. Rc1 Nb6 14. b3 Bd7 15. d5 b4 16. dxe6 Bxe6 17. Nd5 Bxd5 18. exd5 Bd6 19. Qd4 Nd7 20. Bf4 Nb6 21. Be5 f6 22. Bxd6 Qxd6 23. Bh3 Rfd8 24. Rfd1 Kh8 25. Be6 Nc8 26. Rc5 a5 27. Rdc1 Ne7 28. Qg4 b6 29. Rc7 g6 30. Qh4 1-0

[Event "ChessOrg Schachfestival 2024 Bad Wörishofen"]
[White "Stern, Robert"]
[Black "Kolas, Matija"]
[Site "Bad Woerishofen"]
[Round "7.32"]
[Annotator "wempe"]
[Result "1-0"]
[Date "2024.??.??"]
[WhiteElo "1962"]
[BlackElo "1872"]
[PlyCount "26"]
[GameId "2112978029036993"]
[EventDate "2024.03.14"]

1. e4 e6 2. d4 d5 3. Nd2 c6 4. Bd3 dxe4 5. Nxe4 Qh4 6. Nf3 Qd8 7. Qe2 Nf6 8. Bf4 Nh5 9. Be3 Be7 10. h4 Nf6 11. O-O-O Nxe4 12. Bxe4 Qa5 13. Kb1 Na6 1-0

[Event "ChessOrg Schachfestival 2024 Bad Wörishofen"]
[White "Oberhofer, Max"]
[Black "Speicher, Franz"]
[Site "Bad Woerishofen"]
[Round "7.33"]
[Annotator "wempe"]
[Result "1-0"]
[Date "2024.??.??"]
[WhiteElo "2084"]
[BlackElo "1885"]
[PlyCount "73"]
[GameId "2112978593347020"]
[EventDate "2024.03.14"]

1. Nf3 d5 2. g3 Nc6 3. Bg2 e5 4. d3 Be6 5. O-O Qd7 6. Ng5 Bf5 7. e4 dxe4 8. dxe4 Qxd1 9. Rxd1 Bg4 10. f3 Bh5 11. Be3 h6 12. Nh3 Nf6 13. g4 Bg6 14. Nc3 Bd6 15. Nf2 O-O-O 16. Bf1 Nd4 17. Bxd4 exd4 18. Nb5 Bc5 19. Nd3 Bb6 20. a4 a5 21. Na3 c6 22. Nc4 Bc7 23. h4 Rhe8 24. Rab1 Nxe4 25. fxe4 Bxe4 26. Nd2 Bd5 27. Re1 Bg3 28. Rxe8 Rxe8 29. h5 Re3 30. Bg2 Re2 31. Bxd5 cxd5 32. Rd1 Bh4 33. Nf3 Bg5 34. Nxg5 hxg5 35. Re1 Rxc2 36. Rc1 Rxc1+ 37. Nxc1 1-0

[Event "ChessOrg Schachfestival 2024 Bad Wörishofen"]
[White "Heilinger, Dietmar"]
[Black "Di Lazzaro, Gabriele"]
[Site "Bad Woerishofen"]
[Round "7.34"]
[Annotator "wempe"]
[Result "1-0"]
[Date "2024.??.??"]
[WhiteElo "2018"]
[BlackElo "1880"]
[PlyCount "95"]
[GameId "2112998778947073"]
[EventDate "2024.03.14"]

1. c4 Nf6 2. g3 g6 3. Bg2 Bg7 4. e4 d6 5. Ne2 O-O 6. O-O c5 7. Nbc3 Nc6 8. d3 Rb8 9. Rb1 a6 10. a3 b5 11. cxb5 axb5 12. b4 Ba6 13. h3 cxb4 14. axb4 e6 15. Be3 e5 16. Qd2 Ne7 17. f4 Bc8 18. d4 Nh5 19. fxe5 dxe5 20. d5 Re8 21. g4 Nf6 22. Kh1 Nd7 23. Nc1 Nb6 24. Qf2 f6 25. Nb3 Nc4 26. Bc5 Bd7 27. Ra1 Ra8 28. Rxa8 Qxa8 29. Ra1 Qb8 30. Ra7 Qd8 31. Bf1 Nc8 32. Ra6 Qc7 33. Na5 Nxa5 34. Rxa5 Nd6 35. Ra7 Nb7 36. Nxb5 Qb8 37. Rxb7 Qxb7 38. Nd6 Qa8 39. Nxe8 Bxe8 40. b5 Qa1 41. b6 Qb1 42. Qe2 Bh6 43. Qd3 Qb2 44. Kg1 Bf4 45. Bf2 Qb4 46. d6 Bd7 47. Qc4+ Qxc4 48. Bxc4+ 1-0

[Event "ChessOrg Schachfestival 2024 Bad Wörishofen"]
[White "Bertz, Uwe"]
[Black "Barten, Ralf"]
[Site "Bad Woerishofen"]
[Round "7.36"]
[Annotator "wempe"]
[Result "1/2-1/2"]
[Date "2024.??.??"]
[WhiteElo "1880"]
[BlackElo "1963"]
[PlyCount "48"]
[GameId "2113014495155783"]
[EventDate "2024.03.14"]

1. Nf3 Nf6 2. d4 d5 3. c4 c6 4. e3 e6 5. Nc3 Be7 6. Bd3 dxc4 7. Bxc4 O-O 8. O-O b5 9. Bd3 Nbd7 10. Qe2 a6 11. Bd2 c5 12. Rac1 Bb7 13. a3 Rc8 14. Bb1 cxd4 15. exd4 Nb6 16. Ne4 Nxe4 17. Bxe4 Bxe4 18. Qxe4 Qd5 19. Qxd5 Nxd5 20. Ne5 Bd6 21. Rfe1 Nb6 22. Rxc8 Rxc8 23. Rc1 Rxc1+ 24. Bxc1 Bxe5 1/2-1/2

[Event "ChessOrg Schachfestival 2024 Bad Wörishofen"]
[White "Eschle, Hubert"]
[Black "Diotallevi, Maurizio"]
[Site "Bad Woerishofen"]
[Round "7.37"]
[Annotator "wempe"]
[Result "0-1"]
[Date "2024.??.??"]
[WhiteElo "1860"]
[BlackElo "1959"]
[PlyCount "42"]
[GameId "2113014817367632"]
[EventDate "2024.03.14"]

1. e4 e5 2. Nf3 Nc6 3. Bb5 Nge7 4. O-O a6 5. Bc4 Ng6 6. a4 Be7 7. d3 d6 8. Nc3 O-O 9. Ne1 Bg5 10. Nd5 Na5 11. Ba2 Bxc1 12. Rxc1 c6 13. Ne3 b5 14. b4 Nb7 15. a5 Be6 16. c4 c5 17. Nd5 Bxd5 18. cxd5 cxb4 19. Qb3 Qxa5 20. Bb1 Nc5 21. Qb2 Qa3 0-1

[Event "ChessOrg Schachfestival 2024 Bad Wörishofen"]
[White "Pichl, Michael"]
[Black "Wild, Helmut"]
[Site "Bad Woerishofen"]
[Round "7.38"]
[Annotator "wempe"]
[Result "0-1"]
[Date "2024.??.??"]
[WhiteElo "1860"]
[BlackElo "1953"]
[PlyCount "65"]
[GameId "2113015160850009"]
[EventDate "2024.03.14"]

1. g3 d5 2. Bg2 e5 3. c4 c6 4. Qa4 Be6 5. cxd5 Bxd5 6. Bxd5 Qxd5 7. Nf3 Nf6 8. Nc3 Qd6 9. O-O Be7 10. d3 O-O 11. Qc2 Nbd7 12. b3 Rfe8 13. Bb2 Bf8 14. Rad1 c5 15. a3 Rac8 16. Rb1 h6 17. b4 cxb4 18. axb4 Qxb4 19. Ba1 Qa5 20. Rxb7 Bb4 21. Rc1 Re6 22. Bb2 Rec6 23. Ra1 Qc5 24. Raxa7 Bxc3 25. Bxc3 Qxc3 26. Qa2 R6c7 27. Rxc7 Rxc7 28. Ra8+ Rc8 29. Qa6 Rxa8 30. Qxa8+ Kh7 31. Nh4 Qe1+ 32. Kg2 Qxe2 33. Qa3 0-1

[Event "ChessOrg Schachfestival 2024 Bad Wörishofen"]
[White "Krasnopeyeva, Yuliya"]
[Black "Hilbenz, Guntram"]
[Site "Bad Woerishofen"]
[Round "7.39"]
[Annotator "wempe"]
[Result "0-1"]
[Date "2024.??.??"]
[WhiteElo "1950"]
[BlackElo "1871"]
[PlyCount "31"]
[GameId "2113016099845730"]
[EventDate "2024.03.14"]

1. e4 c6 2. Nf3 d5 3. d3 dxe4 4. dxe4 Qxd1+ 5. Kxd1 Bg4 6. Be2 Nd7 7. Ne1 Bxe2+ 8. Kxe2 e5 9. f3 Bc5 10. Nd3 Bb6 11. a4 a6 12. a5 Ba7 13. Nd2 f6 14. Nc4 Ke7 15. Bd2 Nh6 16. Ra3 0-1

[Event "ChessOrg Schachfestival 2024 Bad Wörishofen"]
[White "Heid, Michael"]
[Black "Wunderlich, Frank"]
[Site "Bad Woerishofen"]
[Round "7.40"]
[Annotator "wempe"]
[Result "1-0"]
[Date "2024.??.??"]
[WhiteElo "1944"]
[BlackElo "1843"]
[PlyCount "71"]
[GameId "2113017057601131"]
[EventDate "2024.03.14"]

1. d4 d6 2. Nf3 g6 3. g3 Bg7 4. Bg2 Nf6 5. c3 O-O 6. O-O c5 7. Re1 Na6 8. e4 Rb8 9. a4 cxd4 10. cxd4 Nb4 11. Nc3 Bd7 12. e5 Nh5 13. h3 Bh8 14. Be3 Nc6 15. Bg5 dxe5 16. dxe5 Be6 17. Nb5 Qxd1 18. Raxd1 Bb3 19. Ra1 Rfd8 20. Be3 a6 21. Nbd4 Nxd4 22. Bxd4 Ng7 23. Ba7 Rbc8 24. Bb6 Rd7 25. Nd4 Bd5 26. Rac1 Rxc1 27. Rxc1 Ne6 28. Rc8+ Kg7 29. Bxd5 Rxd5 30. Nxe6+ fxe6 31. Kg2 Rd7 32. Kf3 h5 33. Ke4 Kh7 34. f4 Bg7 35. h4 Bh6 36. Rc7 1-0

[Event "ChessOrg Schachfestival 2024 Bad Wörishofen"]
[White "Svanholm, Borge Waaktaar"]
[Black "Van Amerongen-Jansen, Peggy"]
[Site "Bad Woerishofen"]
[Round "7.41"]
[Annotator "wempe"]
[Result "0-1"]
[Date "2024.??.??"]
[WhiteElo "1838"]
[BlackElo "1938"]
[PlyCount "20"]
[GameId "2113017828480628"]
[EventDate "2024.03.14"]

1. c4 e6 2. g3 d5 3. Bg2 dxc4 4. Qa4+ c6 5. Qxc4 Nf6 6. Nf3 Be7 7. O-O O-O 8. d4 a5 9. Qc2 Na6 10. Nc3 Qc7 0-1

[Event "ChessOrg Schachfestival 2024 Bad Wörishofen"]
[White "Willer, Walter"]
[Black "Helbig, Dieter"]
[Site "Bad Woerishofen"]
[Round "7.42"]
[Annotator "wempe"]
[Result "1/2-1/2"]
[Date "2024.??.??"]
[WhiteElo "1835"]
[BlackElo "1905"]
[PlyCount "72"]
[GameId "2113018148701821"]
[EventDate "2024.03.14"]

1. d4 Nf6 2. e3 g6 3. c3 Bg7 4. f4 d6 5. Nf3 O-O 6. Bd3 Nbd7 7. O-O e5 8. fxe5 dxe5 9. Bc4 Nb6 10. Nxe5 Nxc4 11. Nxc4 Be6 12. Ne5 Nd7 13. Nxd7 Qxd7 14. Nd2 f5 15. Nf3 Rad8 16. Ng5 Bc4 17. Re1 h6 18. Nh3 g5 19. Nf2 Bd5 20. Qc2 Qc6 21. Nd3 a5 22. b3 b6 23. Qd2 Rfe8 24. Bb2 Be4 25. c4 f4 26. d5 fxe3 27. Rxe3 Qg6 28. Bxg7 Qxg7 29. Rae1 Qd4 30. Qf2 Rf8 31. Qe2 Bg6 32. Nf2 Rde8 33. Re6 Kh7 34. Re7+ Rxe7 35. Qxe7+ Rf7 36. Qe2 Rf8 1/2-1/2

[Event "ChessOrg Schachfestival 2024 Bad Wörishofen"]
[White "Wulf, Juergen"]
[Black "Sombetzki, Detlef"]
[Site "Bad Woerishofen"]
[Round "7.43"]
[Annotator "wempe"]
[Result "0-1"]
[Date "2024.??.??"]
[WhiteElo "1885"]
[BlackElo "1719"]
[PlyCount "58"]
[GameId "2113238687938183"]
[EventDate "2024.03.14"]

1. Nf3 d5 2. d4 Nf6 3. e3 e6 4. Bd3 Bd6 5. b3 Nbd7 6. O-O O-O 7. Nbd2 c6 8. Bb2 b6 9. c4 Bb7 10. Ne5 Re8 11. f4 Qe7 12. g4 h6 13. Qf3 Rf8 14. Qh3 Nh7 15. cxd5 exd5 16. Ndf3 Ndf6 17. g5 hxg5 18. fxg5 Ne4 19. g6 Nhg5 20. gxf7+ Nxf7 21. Ng6 Qf6 22. Nxf8 Rxf8 23. Kh1 Bc8 24. Qg2 Qh6 25. Rfe1 Bh3 26. Qc2 Bg4 27. Bxe4 dxe4 28. Ng1 Ng5 29. Re2 Bxe2 0-1